000 00612nam a2200193 a 4500
001 000032695
005 20200930065800.0
008 090729 1918 dr 00 0 spa d
040 _aDO-SdBNP
_bspa
_cBNPHU
082 _axxxx
_bR426l
110 1 _aRepública Dominicana.
_9447
240 1 0 _a[Leyes, etc.]
245 1 0 _aLey de rentas internas.
250 _aed. oficial
260 _aSanto Domingo :
_bImp. y Linotipo J. R. Vda. Gacía,
_c1918.
300 _a50 p. ;
_c27 cm.
500 _aOrden ejecutiva No. 197. agosto 19, 1918. publicada en la gaceta Oficial No. 2939-B setiempre 4, 1918
049 _aBNPD
999 _c32186
_d32186